Statistics for Women's Tennis Players Ranked #1 by Nationality

Click here to take the quiz!

General Stats

  • This quiz has been taken 72 times
    (16 since last reset)
  • The average score is 10 of 13

Answer Stats

Total players #Year last ranked #1Answer% Correct
22012Russia
93%
82016United States
93%
22016Germany
87%
21995Spain
87%
11976Australia
80%
12006France
80%
32009Serbia
80%
12017Czech Republic
73%
12017Romania
73%
12013Belarus
67%
22011Belgium
67%
12012Denmark
53%
12001Switzerland
47%

Score Distribution

Percentile by Number Answered

Percent of People with Each Score

Your Score History

You have not taken this quiz since the last reset